000 006000000a22001810004500
003 MACL
005 20160505121830.0
008 160505b xxu||||| |||| 00| 0 eng d
040 _aMACL
_cMACL
041 _aHindi
082 _a800 SIN
100 _aसिंह, सत्‍यपाल
_955266
245 _aएक अध्‍यापक की डायरी
_cसत्‍यपाल सिंह
260 _aनई दिल्‍ली
_bगुप्‍ता पब्लिकेशन
_c2012
350 _a295
650 _aडायरी
_936754
942 _cHIN
_k800/SIN
_2ddc
999 _c47543
_d47543